Indian army under the East Indian company (Record no. 353305)

000 -LEADER
fixed length control field 00339cam a22001217a 4500
008 - FIXED-LENGTH DATA ELEMENTS--GENERAL INFORMATION
fixed length control field 180718b1976 xxu||||| |||| 00| 0 eng d
082 ## - DEWEY DECIMAL CLASSIFICATION NUMBER
Classification number N12x54 Si64
100 ## - MAIN ENTRY--PERSONAL NAME
Personal name Singh, Madan Paul
245 ## - TITLE STATEMENT
Title Indian army under the East Indian company
Statement of responsibility, etc. by Madan Paul Singh
260 ## - PUBLICATION, DISTRIBUTION, ETC.
Place of publication, distribution, etc. Delhi
Name of publisher, distributor, etc. Sterling
Date of publication, distribution, etc. 1976
300 ## - PHYSICAL DESCRIPTION
Extent 268p.
650 ## - SUBJECT ADDED ENTRY--TOPICAL TERM
Topical term or geographic name entry element Army - India
Holdings
Withdrawn status Lost status Damaged status Not for loan Permanent Location Current Location Date acquired Full call number Barcode Date last seen Price effective from Koha item type
        Indian Institute of Public Administration Indian Institute of Public Administration 1993-12-01 N12x54 Si64 51273 2018-07-21 2018-07-21 Book

Powered by Koha